Nueva convención cultural nacional e internacional del humanismo en su integridad y bienestar social como perfil de vida /
Guardado en:
| Autor Principal: | |
|---|---|
| Otros Autores: | |
| Formato: | Libro |
| Idioma: | Spanish |
| Publicado: |
La Plata :
Universitaria de La Plata,
2015.
|
| Edición: | 1a. ed. |
| Materias: | |
| Etiquetas: |
Agregar Etiqueta
Sin Etiquetas, Sea el primero en etiquetar este registro!
|
| LEADER | 00623nam a22001695a 4500 | ||
|---|---|---|---|
| 001 | DER.der014472 | ||
| 008 | 191119s2015####ag############000#0#spa#d | ||
| 005 | 20250228111937.0 | ||
| 245 | 1 | 0 | |a Nueva convención cultural nacional e internacional del humanismo en su integridad y bienestar social como perfil de vida / |c Sergio Hugo Marino ; prólogo de Ricardo Volpe. |
| 250 | |a 1a. ed. | ||
| 260 | |a La Plata : |b Universitaria de La Plata, |c 2015. | ||
| 300 | |a 110 p. | ||
| 020 | |a 9789875952331 | ||
| 100 | 1 | |a Marino, Sergio Hugo. | |
| 700 | 1 | |a Volpe, Ricardo, |e prol. | |
| 650 | 7 | |a SOCIOLOGIA | |
| 859 | |a DERECHO |b BIB. DERECHO |h 306.2 |i MAR |p 009750 | ||
